Countries affected by Trump's Travel Ban - Statistics

General Stats
  • This quiz has been taken 23 times
  • The average score is 6 of 13
Answer Stats
Year Banned Country % Correct
2017 Iran
88%
2017 Libya
65%
2017 Yemen
65%
2017 North Korea
59%
2017 Somalia
59%
2020 Sudan
59%
2017 Chad
41%
2017 Venezuela
41%
2020 Eritrea
35%
2020 Nigeria
35%
2020 Kyrgyzstan
18%
2020 Myanmar
18%
2020 Tanzania
12%
No matching quizzes found
Score Distribution
Percent of People with Each Score
Percentile by Number Answered
Your Score History
You have not taken this quiz